00665nam a2200181 a 4500003000200000005001700002008004100019050003200060100002800092245009300120260009300213300004000306504004100346650002200387650002400409650003000433650002000463020250222104443.0111114s19uu xx 00 eng d aPGS TX 971.M67b.B225 2011  aBaranda, Kim Nichole M. aThe effect of malunggay seeds on PH of tap and filtered water /cKim Nichole M. Baranda. aLas Piñas City, Philippines : bSouthville International School and Colleges, c2011. a14 pages :billustrations ;c28 cm. aIncludes bibliographical references. aMoringa oleifera. aWater purification. aDrinking watervAnalysis. apH (Chemistry).